AH International Schools' Libraries

How does an egg hatch? : (Record no. 47185)

MARC details
000 -LEADER
fixed length control field 01168nam a2200217 4500
020 ## - INTERNATIONAL STANDARD BOOK NUMBER
Cancelled/invalid ISBN 9780593385616
040 ## - CATALOGING SOURCE
Original cataloging agency DLC
Language of cataloging eng
Transcribing agency DLC
Description conventions rda
Modifying agency DLC
042 ## - AUTHENTICATION CODE
Authentication code pcc
050 00 - LIBRARY OF CONGRESS CALL NUMBER
Classification number SF490.3
Item number .C37 2022
082 00 - DEWEY DECIMAL CLASSIFICATION NUMBER
Classification number 591.4/68
Edition number 23
100 1# - MAIN ENTRY--PERSONAL NAME
Personal name Carle, Eric,
Relator term author,
-- illustrator.
245 10 - TITLE STATEMENT
Title How does an egg hatch? :
Remainder of title life cycles with the very hungry caterpillar /
Statement of responsibility, etc Eric Carle.
260 ## - PUBLICATION, DISTRIBUTION, ETC. (IMPRINT)
Place of publication, distribution, etc New York :
Name of publisher, distributor, etc World of Eric Carle ;
Date of publication, distribution, etc 2022.
300 ## - PHYSICAL DESCRIPTION
Extent 1 volume (unpaged) :
Other physical details chiefly color illustrations ;
Dimensions 13 cm.
520 ## - SUMMARY, ETC.
Summary, etc "In this nonfiction story, young readers explore the transformation of an egg into a chick. The miracles of nature come to life in this early-learning series centered around life cycles, featuring simple text and Eric Carle's classic illustrations!"--
521 ## - TARGET AUDIENCE NOTE
Target audience note Ages 1-3
Source World of Eric Carle
650 #0 - SUBJECT ADDED ENTRY--TOPICAL TERM
Topical term or geographic name as entry element Eggs
General subdivision Incubation
Form subdivision Juvenile literature.
9 (RLIN) 85231
650 #0 - SUBJECT ADDED ENTRY--TOPICAL TERM
Topical term or geographic name as entry element Chickens
General subdivision Life cycles
Form subdivision Juvenile literature.
9 (RLIN) 85232
942 ## - ADDED ENTRY ELEMENTS (KOHA)
Source of classification or shelving scheme
Koha item type Book
Holdings
Withdrawn status Lost status Source of classification or shelving scheme Damaged status Not for loan Home library Current library Date acquired Total Checkouts Full call number Barcode Date last seen Date checked out Price effective from Koha item type
          Logos International School Logos International School 08/13/2024 5 BB 591.4 CAR 042487 12/03/2025 11/17/2025 08/13/2024 Book

For any Logos Library related questions please contact Miss Art at swongnarasuk@asianhope.org.

For any Asian Hope Library related questions please contact Miss Raza at graza@asianhope.org.

Powered by Koha